Statistiques concernant Top 10 du classement de la Fifa

Cliquez ici pour prendre le quiz!

Statistiques générales

  • Ce quiz a été pris 322 fois
  • Le résultat moyen est 9 sur 10

Statistiques - réponses

HintRéponse% Correct
3France
100%
4Argentine
99%
1Brésil
99%
2Belgique
95%
5Angleterre
93%
6Italie
93%
8Portugal
90%
7Espagne
77%
10Pays bas
72%
9Mexique
54%

Distribution des résultats

Percentile par nombre de réponses

% des personnes avec chaque résultat

Votre développement - résultats

Vous n’avez pas pris ce quiz